Statistics for 5-Letter History Chain #1

Click here to take the quiz!

General Stats

  • This quiz has been taken 30,176 times
  • The average score is 19 of 28

Answer Stats

Hint Answer % Correct
Hitler's first nameAdolf
95%
Country of the pharaohsEgypt
95%
Name of 18 French kingsLouis
91%
Former currency of FranceFranc
89%
Massachusetts witch trial citySalem
89%
Muhammad's birthplaceMecca
88%
Author of the IliadHomer
88%
Touch this on each shoulder to
dub a knight
Sword
85%
Empire conquered by Cort├ęsAztec
85%
City of Notre Dame cathedralParis
84%
Flower that caused a "mania" in 17th
century Netherlands
Tulip
82%
Celtic priestDruid
68%
Greek writer of fablesAesop
67%
Noble rank somewhere between
Baron and Duke
Count
66%
Animal on the standard of a Roman legionEagle
65%
Island of Minoan civilizationCrete
64%
River on the northeastern border
of the Roman Empire
Rhine
63%
Iraq War tactic: ____ and AweShock
61%
Series of wars between Rome and CarthagePunic
58%
American sprinter who won 4 golds
in the 1936 Olympics
Owens
58%
Nuclear test site Bikini _____Atoll
58%
First capital of modern ItalyTurin
57%
Eva Peron's nicknameEvita
54%
Term for a period in historyEpoch
53%
English privateer and circumnavigatorDrake
47%
Country of the Mau Mau uprisingKenya
41%
Capital of the IncasCusco
34%
Ancient region of southern Egypt
and northern Sudan
Nubia
32%

Score Distribution

Percentile by Number Answered

Percent of People with Each Score

Your Score History

You have not taken this quiz